000 01271nam a2200253Ia 4500
999 _c55880
_d55880
001 22978
003 GE_BSU
005 20230607165404.0
008 181216s ||||ge |||||||||||||| ||geo||
040 _cGE_BSU
041 _ageo
080 _a821.353.1'01.09+1(479.22)(09) ბ-13
100 _aბაგრატიონი, ანტონ
_97348
245 _aწყობილსიტყვაობა /
_cანტონ ბაგრატიონი ; გამოსაც. მოამზადა, გამოკვლ., კომენტ. და ლექსიკონი დაურთო ი. ლოლაშვილმა ; [რედ. შ. ძიძიგური].
264 _aთბილისი :
_bმეცნიერება,
_c1980.
300 _a415გვ. ;
_c22სმ.
500 _aლექსიკონი : გვ. 319-410
541 _h5 ლ.60თ.
653 _aქართული ფილოსოფიური ტრაქტატი
653 _aლიტერატურათმცოდნეობითი ტრაქტატი
653 _aძველი ქართული ლიტერატურა
653 _aწყობილსიტყვაობა
942 _cBK
_2udc